World scholars on Quaid-i-Azam Mohammad Ali Jinnah / (Record no. 187520)
[ view plain ]
| 000 -LEADER | |
|---|---|
| fixed length control field | 00917 a2200181 4500 |
| 003 - CONTROL NUMBER IDENTIFIER | |
| control field | Nust |
| 005 - DATE AND TIME OF LATEST TRANSACTION | |
| control field | 20230206111322.0 |
| 040 ## - CATALOGING SOURCE | |
| Transcribing agency | Nust |
| 082 ## - DEWEY DECIMAL CLASSIFICATION NUMBER | |
| Classification number | 954.9042,WOR |
| 100 ## - MAIN ENTRY--PERSONAL NAME | |
| Personal name | Dani, Ahmad Hasan |
| 9 (RLIN) | 3723 |
| 245 ## - TITLE STATEMENT | |
| Title | World scholars on Quaid-i-Azam Mohammad Ali Jinnah / |
| Statement of responsibility, etc. | Prof. Ahmad Hasan Dani, |
| 260 ## - PUBLICATION, DISTRIBUTION, ETC. | |
| Place of publication, distribution, etc. | Quaidi-Azam university |
| Name of publisher, distributor, etc. | Islamabad |
| Date of publication, distribution, etc. | 1979 |
| 300 ## - PHYSICAL DESCRIPTION | |
| Extent | 436 p |
| Other physical details | illus |
| Dimensions | digars |
| Accompanying material | 28 cm |
| 505 ## - FORMATTED CONTENTS NOTE | |
| Formatted contents note | Introduction (Page-1), Documents (Page-25), Quaid-i-Azam : The Man and his Family (Page-49), Formative Experiences (Page-73), The Great Decision (Page-135), March Towards Destiny (Page-163), Final Goal (1940-47) (Page-239), The Governor General of Pakistan (Page-287), Quaid-i-Azam and People Around (Page-313), Quaid-i-Azam in the Eyes of Foreigners (Page-349), Mohammad Ali Jinnah the Quaid-i-Azam (Page-377). |
| 600 ## - SUBJECT ADDED ENTRY--PERSONAL NAME | |
| Personal name | Dani, Ahmad Hasan |
| 9 (RLIN) | 3723 |
| 650 ## - SUBJECT ADDED ENTRY--TOPICAL TERM | |
| Topical term or geographic name entry element | Quaid-i-Azam |
| 9 (RLIN) | 108479 |
| 942 ## - ADDED ENTRY ELEMENTS (KOHA) | |
| Source of classification or shelving scheme | |
| Koha item type | Book |
| Withdrawn status | Lost status | Source of classification or shelving scheme | Damaged status | Not for loan | Permanent Location | Current Location | Shelving location | Date acquired | Shelving control number | Full call number | Barcode | Date last seen | Price effective from | Koha item type | Public note |
|---|---|---|---|---|---|---|---|---|---|---|---|---|---|---|---|
| Military College of Signals (MCS) | Military College of Signals (MCS) | General Stacks | 12/12/2016 | Pakistan History | 954.9042,WOR | MCS21502 | 12/08/2016 | 12/12/2016 | Book | Almirah No.62, Shelf No.1 |
